| 000 | 00789nam a22001815i 4500 | ||
|---|---|---|---|
| 001 | 152658 | ||
| 003 | ES-MaACL | ||
| 005 | 20230906204831.0 | ||
| 008 | 051019s1861 sp | |||||||| ||fre d | ||
| 040 |
_aCAM _bspa _cCAM |
||
| 100 | 1 |
_aBravard-Veyrières, P. _931440 |
|
| 245 | 1 | 0 |
_aDes prises maritimes d'après l'ancien et le nouveau droit _b: tel qu'il résulte du Traité de Paris et de la déclaration du 16 avril 1856 / _cpar P. Bravard-Veyrières ; avec des notes par P. Royer-Collard. |
| 260 |
_aParis : _bCotillon, _c1861. |
||
| 300 |
_a31 p. ; _c23 cm. |
||
| 597 | _aEn cabecera de 1ª pag. de texto consta: Capitre XV du livre second du "Manuel de Droit commercial, sixième ed. | ||
| 700 | 1 |
_aRoyer-Collard, Pierre-Paul. _9100216 |
|
| 852 |
_aES-MaACL _j1542-F-15 _z-- Rúst. |
||
| 999 |
_c152658 _d152658 |
||